000 003950000a22000970004500
100 1 _aSánchez, Gervasio
245 1 0 _aLos fantasmas de la guerra infinita : La posibilidad de paz en Bosnia surge cuando sus habitantes anuncian que no resistirán, ni física ni emocionalmente el rigor del próximo invierno
300 _aVol. 11, Núm 11 (1993), Páginas 38-40
773 0 _tCambio 16
942 _cANA
999 _c58504
_d58504